000 00567nam a2200169 a 4500
001 BRCA_2061
005 20190320203644.0
008 060808s1989----mx-a---###---#000-0#spa-#
050 4 _aZ994.M4
_b.M37
_c1989
245 1 0 _aMarcas de fuego
_bcatálogo.
260 _a[México]
_bBiblioteca Nacional de Antropología e Historia
_c[1989]
300 _a97 p.
_bil.
_c26 cm.
500 _a2do. ejemplar en el Área de Investigación
650 1 4 _aLibros
_vCatálogos
_xMarcas de propiedad
_96277
650 1 4 _aBibliotecas monásticas
_vCatálogos
_zMéxico
_96278
942 _2lcc
_cB
999 _c1823
_d1823